[Event "GER Cup Teams 2019"]
[Site "Wolfhagen"]
[Date "2019.05.18"]
[Round "3"]
[White "Sawlin, Leonid"]
[Black "Onischuk, Vladimir"]
[Result "0-1"]
[WhiteElo "2394"]
[BlackElo "2633"]
[Annotator "RC"]
[PlyCount "110"]
[EventDate "2019.03.16"]
[EventType "team-tourn"]
[EventCountry "GER"]
[SourceTitle "playchess.com"]
[Source "ChessBase"]
[SourceQuality "1"]
[WhiteTeam "SK Zehlendorf"]
[BlackTeam "Sfr. Bad Emstal / Wolfhagen"]
[TimeControl "40/6000+30:3000+30"]

1. e4 {[%emt 0:00:00]} d6 {[%emt 0:00:00]} 2. d4 {[%emt 0:00:00]} Nf6 {[%emt 0:00:00]} 3. Nc3 {[%emt 0:00:00]} g6 {[%emt 0:00:00]} 4. f4 {[%emt 0:00:04]} Bg7 {[%emt 0:00:16]} 5. Nf3 {[%emt 0:00:08]} O-O {[%emt 0:00:09]} 6. Bd3 {[%emt 0:01:06]} Na6 {[%emt 0:00:14]} 7. e5 {[%emt 0:05:01]} Nd7 {[%emt 0:05:10]} 8. e6 {[%emt 0:22:29]} fxe6 {[%emt 0:00:52]} 9. Ng5 {[%emt 0:01:22]} Nf6 {[%emt 0:03:54]} 10. Bc4 {[%emt 0:13:54]} d5 {[%emt 0:03:29]} 11. Bxa6 {[%emt 0:03:52]} bxa6 {[%emt 0:00:07]} 12. Na4 {[%emt 0:02:49]} Qd6 {[%emt 0:56:45]} 13. Be3 {[%emt 0:09:22]} Rb8 {[%emt 0:01:17]} 14. b3 {[%emt 0:01:54]} h6 {[%emt 0:11:26]} 15. Nf3 {[%emt 0:01:27]} Ng4 {[%emt 0:00:43]} 16. Bc1 {[%emt 0:03:09]} Rxf4 {[%emt 0:01:47]} 17. Bxf4 {[%emt 0:00:08]} Qxf4 {[%emt 0:00:03]} 18. Qd2 {[%emt 0:11:20]} Ne3 {[%emt 0:06:19]} 19. Ke2 {[%emt 0:02:15]} Nxg2 {[%emt 0:00:15]} 20. Qxf4 {[%emt 0:00:22]} Nxf4+ {[%emt 0:00:03]} 21. Ke3 {[%emt 0:00:16]} g5 {[%emt 0:03:55]} 22. Nc5 {[%emt 0:05:01]} Ng2+ {[%emt 0:04:10]} 23. Kf2 {[%emt 0:00:53]} Nh4 {[%emt 0:00:25]} 24. Ne5 {[%emt 0:02:32]} Rb6 {[%emt 0:06:27]} 25. Rae1 {[%emt 0:00:58]} a5 {[%emt 0:00:21]} 26. c3 {[%emt 0:02:24]} Rd6 {[%emt 0:00:38]} 27. Rhg1 {[%emt 0:00:39]} Bf6 {[%emt 0:01:10]} 28. Ned3 {[%emt 0:02:43]} Kf7 {[%emt 0:00:18]} 29. Re2 {[%emt 0:02:29]} Rc6 {[%emt 0:00:53]} 30. Rb1 {[%emt 0:02:30]} Ng6 {[%emt 0:01:11]} 31. b4 {[%emt 0:01:32]} axb4 {[%emt 0:00:39]} 32. Rxb4 {[%emt 0:02:05]} Ba6 {[%emt 0:00:35]} 33. Nxa6 {[%emt 0:01:51]} Rxa6 {[%emt 0:00:03]} 34. Nc5 {[%emt 0:01:21]} Rc6 {[%emt 0:01:02]} 35. Ra4 {[%emt 0:00:43]} e5 {[%emt 0:00:22]} 36. Ke3 {[%emt 0:00:53]} Nf4 {[%emt 0:00:48]} 37. Rf2 {[%emt 0:02:06]} Ne6 {[%emt 0:01:29]} 38. Ra5 {[%emt 0:05:25]} exd4+ {[%emt 0:00:27]} 39. cxd4 {[%emt 0:00:04]} Kg6 {[%emt 0:01:02]} 40. Nb3 {[%emt 0:00:13]} Nf4 {[%emt 0:00:34]} 41. Rxa7 {[%emt 0:50:48]} Rc3+ {[%emt 0:09:13]} 42. Kd2 {[%emt 0:00:00]} Rc4 {[%emt 0:00:06]} 43. a4 {[%emt 0:00:00]} Bxd4 {[%emt 0:13:07]} 44. Nxd4 {[%emt 0:00:00]} Rxd4+ {[%emt 0:00:22]} 45. Kc2 {[%emt 0:00:00]} e5 {[%emt 0:01:13]} 46. a5 {[%emt 0:00:00]} e4 {[%emt 0:01:37]} 47. Rxc7 {[%emt 0:00:00]} e3 {[%emt 0:00:43]} 48. Rf1 {[%emt 0:00:00]} e2 {[%emt 0:06:07]} 49. Ra1 {[%emt 0:00:00]} Ra4 {[%emt 0:00:57]} 50. Rxa4 {[%emt 0:00:00]} e1=Q {[%emt 0:00:09]} 51. a6 {[%emt 0:00:00]} Qe2+ {[%emt 0:01:43]} 52. Kb3 {[%emt 0:00:00]} Qb5+ {[%emt 0:00:29]} 53. Ka3 {[%emt 0:00:00]} Nd3 {[%emt 0:00:14]} 54. Rb7 {[%emt 0:00:00]} Qc5+ {[%emt 0:01:50]} 55. Kb3 {[%emt 0:00:00]} Qc6 {[%emt 0:00:34]} 0-1

[Event "GER Cup Teams 2019"]
[Site "Wolfhagen"]
[Date "2019.05.18"]
[Round "3"]
[White "Weber, Max"]
[Black "Movsesian, Sergei"]
[Result "0-1"]
[WhiteElo "2240"]
[BlackElo "2645"]
[Annotator "RC"]
[PlyCount "92"]
[EventDate "2019.03.16"]
[EventType "team-tourn"]
[EventCountry "GER"]
[SourceTitle "playchess.com"]
[Source "ChessBase"]
[SourceQuality "1"]
[WhiteTeam "Greifswalder SV"]
[BlackTeam "OSG Baden-Baden"]
[TimeControl "40/6000+30:3000+30"]

1. d4 {[%emt 0:00:00]} Nf6 {[%emt 0:00:00]} 2. c4 {[%emt 0:00:00]} d6 {[%emt 0:00:00]} 3. Nf3 {[%emt 0:00:15]} Nbd7 {[%emt 0:00:00]} 4. Nc3 {[%emt 0:01:57]} e5 {[%emt 0:00:26]} 5. e4 {[%emt 0:03:17]} g6 {[%emt 0:01:18]} 6. g3 {[%emt 0:08:01]} Bg7 {[%emt 0:02:07]} 7. Bg2 {[%emt 0:00:09]} O-O {[%emt 0:02:42]} 8. O-O {[%emt 0:00:25]} c6 {[%emt 0:02:21]} 9. h3 {[%emt 0:02:54]} a6 {[%emt 0:00:39]} 10. Re1 {[%emt 0:06:09]} Re8 {[%emt 0:05:04]} 11. Be3 {[%emt 0:03:19]} exd4 {[%emt 0:07:18]} 12. Nxd4 {[%emt 0:00:43]} Nc5 {[%emt 0:00:40]} 13. Qc2 {[%emt 0:02:32]} Bd7 {[%emt 0:00:39]} 14. Rad1 {[%emt 0:04:49]} Qc7 {[%emt 0:10:22]} 15. b4 {[%emt 0:21:19]} Ne6 {[%emt 0:00:09]} 16. c5 {[%emt 0:01:24]} dxc5 {[%emt 0:02:39]} 17. Nxe6 {[%emt 0:01:40]} Bxe6 {[%emt 0:00:50]} 18. Bxc5 {[%emt 0:02:43]} Rad8 {[%emt 0:03:41]} 19. Na4 {[%emt 0:05:11]} b5 {[%emt 0:03:29]} 20. Nc3 {[%emt 0:04:35]} Nd7 {[%emt 0:03:27]} 21. Bd6 {[%emt 0:04:50]} Qc8 {[%emt 0:10:29]} 22. Ne2 {[%emt 0:03:49]} Ne5 {[%emt 0:03:35]} 23. Kh2 {[%emt 0:04:37]} Nc4 {[%emt 0:08:43]} 24. Bc5 {[%emt 0:00:34]} h5 {[%emt 0:06:01]} 25. h4 {[%emt 0:08:40]} Ne5 {[%emt 0:01:52]} 26. f3 {[%emt 0:02:07]} Bc4 {[%emt 0:02:08]} 27. Nd4 {[%emt 0:01:19]} Nd7 {[%emt 0:06:58]} 28. Nb3 {[%emt 0:02:42]} Nxc5 {[%emt 0:02:16]} 29. Nxc5 {[%emt 0:00:06]} a5 {[%emt 0:09:11]} 30. bxa5 {[%emt 0:01:38]} Qc7 {[%emt 0:00:50]} 31. Nb3 {[%emt 0:03:30]} Bf8 {[%emt 0:04:19]} 32. Rxd8 {[%emt 0:01:27]} Rxd8 {[%emt 0:00:44]} 33. Rd1 {[%emt 0:00:44]} Bb4 {[%emt 0:03:23]} 34. f4 {[%emt 0:02:54]} Bxa5 {[%emt 0:00:50]} 35. Nxa5 {[%emt 0:01:28]} Qxa5 {[%emt 0:00:04]} 36. Rxd8+ {[%emt 0:00:30]} Qxd8 {[%emt 0:00:05]} 37. e5 {[%emt 0:00:24]} Qa8 {[%emt 0:01:28]} 38. a3 {[%emt 0:01:37]} Qxa3 {[%emt 0:01:04]} 39. Bxc6 {[%emt 0:00:12]} Bd3 {[%emt 0:03:45]} 40. Qd1 {[%emt 0:03:50]} b4 {[%emt 0:02:08]} 41. Bd5 {[%emt 0:02:56]} Qb2+ {[%emt 0:00:40]} 42. Kh1 {[%emt 0:00:40]} Qc2 {[%emt 0:00:59]} 43. Qa1 {[%emt 0:06:24]} Be4+ {[%emt 0:04:40]} 44. Bxe4 {[%emt 0:00:13]} Qxe4+ {[%emt 0:00:03]} 45. Kh2 {[%emt 0:02:36]} b3 {[%emt 0:00:11]} 46. Qa7 {[%emt 0:01:29]} Qc2+ {[%emt 0:01:13]} 0-1

[Event "GER Cup Teams 2019"]
[Site "Wolfhagen"]
[Date "2019.05.18"]
[Round "3"]
[White "Stubbe, Wilko"]
[Black "Adams, Michael"]
[Result "0-1"]
[WhiteElo "2218"]
[BlackElo "2693"]
[Annotator "TA"]
[PlyCount "90"]
[EventDate "2019.03.16"]
[EventType "team-tourn"]
[EventCountry "GER"]
[SourceTitle "playchess.com"]
[Source "ChessBase"]
[SourceQuality "1"]
[WhiteTeam "Greifswalder SV"]
[BlackTeam "OSG Baden-Baden"]

{[%evp 16,90,0,0,15,17,24,28,34,31,31,24,26,30,16,0,10,10,10,0,0,0,0,0,0,0,0,0,0,-4,-5,-12,-6,-9,0,-6,-5,-10,0,-14,-12,-40,-19,-30,-31,-38,-37,-29,-30,-40,-22,-18,-10,-37,-37,-44,-45,-60,-53,-53,-53,-511,-501,-554,-542,-526,-526,-526,-526,-586,-560,-1041,-1021,-1002,-977,-950,-925]} 1. e4 e5 2. Nf3 Nc6 3. Bc4 Nf6 4. Nc3 Nxe4 5. O-O Nxc3 6. dxc3 Be7 7. Qd5 O-O 8. Nxe5 Nxe5 9. Qxe5 d6 {C55: Two Knights: 4 d3, 4 d4 exd4 5 e5 and Max Lange Attack} 10. Qe4 Bf6 11. Re1 c6 {...d5 is the strong threat.White has an edge.} 12. Bd3 {[%csl Gd3][%cal Re4h7]} g6 13. Bh6 Bg7 14. Bxg7 Kxg7 15. Qe7 Rb8 16. Qe3 Ra8 17. Qe7 Qxe7 18. Rxe7 Kf6 19. Rae1 Rb8 $146 20. c4 Be6 21. Rc7 Rfc8 22. Rxc8 Rxc8 $11 {[%mdl 4096] Endgame KRB-KRB} 23. f4 h6 24. Kf2 g5 25. fxg5+ hxg5 26. Kg3 Rh8 27. a3 a5 28. b3 Rh4 (28... a4 $5) 29. Rf1+ Ke5 30. h3 f5 31. Re1+ Kf6 32. a4 b6 33. Kf2 c5 34. Rd1 d5 35. cxd5 Bxd5 36. Re1 Rf4+ 37. Kg3 Rd4 {Strongly threatening ...Bxb3!} 38. Ba6 $2 {[%mdl 8192] [#]} ({White should try} 38. Rd1 $15) 38... Rd2 $1 $19 {[%csl Gd5][%cal Rd2g2][%mdl 512] Black is clearly winning.} 39. Re2 Rxe2 40. Bxe2 {KB-KB} f4+ 41. Kf2 {[#]} Ke5 $1 {[%cal Re5d4]} 42. Bf3 Be6 43. Ke1 c4 44. bxc4 Bd7 45. Kd2 Kd4 {Accuracy: White = 37%, Black = 65%.} 0-1

[Event "GER Cup Teams 2019"]
[Site "Wolfhagen"]
[Date "2019.05.19"]
[Round "4"]
[White "Adams, Michael"]
[Black "Kuzubov, Yuriy"]
[Result "0-1"]
[WhiteElo "2693"]
[BlackElo "2664"]
[Annotator "TA"]
[PlyCount "84"]
[EventDate "2019.03.16"]
[EventType "team-tourn"]
[EventCountry "GER"]
[SourceTitle "playchess.com"]
[Source "ChessBase"]
[SourceQuality "1"]
[WhiteTeam "OSG Baden-Baden"]
[BlackTeam "Sfr. Bad Emstal / Wolfhagen"]

{[%evp 16,90,16,13,26,18,25,15,24,19,16,8,17,4,18,-1,-6,-29,-15,-27,-22,-24,-17,-24,-8,-18,0,0,0,0,0,0,0,0,0,0,18,20,14,-43,73,-39,-41,-81,-81,-96,-24,-72,-66,-152,-160,-219,0,0,0,0,0,-129,-125,-490,-497,-648,-643,-645,-625,-824,-710,-1193,-1228,-1068,-1060,-1602,-702,-689,-682,-605,-605]} 1. e4 c5 2. Nf3 Nc6 3. Bb5 d6 4. O-O Bd7 5. Re1 Nf6 6. c3 a6 7. Bf1 Bg4 8. h3 Bxf3 9. Qxf3 e6 {B51: Sicilian: Moscow Variation (3 Bb5+) without 3...Bd7} 10. d3 Be7 11. Nd2 O-O {The position is equal.} 12. Qe2 d5 13. Nf3 {[#]} d4 $146 ({Predecessor:} 13... b5 14. Bf4 Rc8 15. g3 c4 16. dxc4 dxc4 17. Rad1 {½-½ (30) Neiksans,A (2631)-Andriasian,Z (2621) Tallinn 2016}) 14. e5 Nd7 15. c4 b5 16. b3 Rb8 17. g3 bxc4 18. bxc4 Qa5 19. Bg2 Qa4 20. a3 Bd8 21. Qe4 Ne7 22. h4 h6 23. h5 Ba5 24. Rf1 $1 Qc2 {White must now prevent ...Bc3.} 25. Bf4 Rb3 26. Rad1 Rfb8 27. a4 (27. g4 $11) 27... Nb6 {[#]} (27... Rb2 $15 {stays ahead.}) 28. Bd2 (28. Bg5 $1 $16 {[%cal Rg5e7]} Nbc8 29. g4) 28... Bxd2 $15 29. Rxd2 Qc3 30. Qh4 Kf8 ({Black should play} 30... Re8 $17 31. Rdd1 Rb2) 31. Qf4 Nxa4 32. Nh4 ({Only move:} 32. g4 $1 $15 Rb2 33. Rdd1) 32... Kg8 $17 33. g4 (33. Kh2 $17 {keeps fighting.}) 33... Rb1 $2 ({Better is} 33... Rb2 $19 34. Nf3 Rxd2 35. Qxd2 a5) 34. Rxb1 $1 $11 Rxb1+ 35. Kh2 $1 Nb2 36. Be4 (36. g5 $1 $11 Nxd3 {[#]} 37. Rxd3 $1 {[%mdl 512]} Qxd3 38. gxh6 gxh6 39. Be4) 36... Qc1 $36 {[%mdl 2048] Strongly threatening ...Nxd3! Black is in control.} 37. Ng2 $2 {[%mdl 8192]} (37. Kg3 $17) 37... Na4 $19 {Black is clearly winning.} ({Wrong is} 37... g5 $2 38. hxg6 Nxg6 39. Bxg6 $18) 38. g5 {Now g6 and White clings on.} Qh1+ 39. Kg3 {Hoping for g6.} Qxh5 40. gxh6 Nc3 41. hxg7 Nxe4+ 42. dxe4 {[#]} Rh1 {Played: Ne7-g6} 0-1

[Event "GER Cup Teams 2019"]
[Site "Wolfhagen"]
[Date "2019.05.19"]
[Round "4"]
[White "Movsesian, Sergei"]
[Black "Riazantsev, Alexander"]
[Result "1/2-1/2"]
[WhiteElo "2645"]
[BlackElo "2653"]
[Annotator "TA"]
[PlyCount "51"]
[EventDate "2019.03.16"]
[EventType "team-tourn"]
[EventCountry "GER"]
[SourceTitle "playchess.com"]
[Source "ChessBase"]
[SourceQuality "1"]
[WhiteTeam "OSG Baden-Baden"]
[BlackTeam "Sfr. Bad Emstal / Wolfhagen"]

{[%evp 15,51,28,14,12,21,19,25,10,12,18,16,19,13,9,18,8,8,12,13,0,4,6,5,0,2,0,6,0,10,1,4,0,0,0,0,0,0,0]} 1. e4 c6 2. d4 d5 3. Nc3 dxe4 4. Nxe4 Nf6 5. Nxf6+ exf6 6. c3 Bd6 7. Bd3 O-O 8. Ne2 Re8 9. O-O {B15: Caro-Kann: 3 Nc3: 3...g6 and 3...dxe4 4 Nxe4 Nf6 5 Nxf6+ exf6} Nd7 {[%cal Bb8d7,Bd7f8,Bf8g6,Bg6f4,Bf4d3][%mdl 32]} 10. Bf4 Nf8 11. Qd2 {White has an edge.} Ng6 {[#] ...Rxe2! is the strong threat.The position is equal.} 12. Bxd6 Qxd6 13. Rfe1 Be6 14. Ng3 {[#]} Nf4 $146 ({Predecessor:} 14... b6 15. Qc2 c5 16. Ne4 Qc7 17. dxc5 bxc5 {1-0 (25) Inarkiev,E (2688)-Tomashevsky,E (2714) Sochi 2014}) 15. Ne4 Qc7 16. Nc5 Nxd3 17. Nxe6 (17. Nxd3 {looks sharper.} h6 18. b3 Rad8 19. Re2 Bf5 20. Nf4) 17... fxe6 (17... Rxe6 {is more complex.} 18. Rxe6 fxe6 19. Qxd3 Re8 20. Re1 Qa5) 18. Qxd3 e5 19. dxe5 Rxe5 20. Rxe5 Qxe5 $11 {[%mdl 4096] Endgame KQR-KQR} 21. Qc4+ Kh8 22. Qf7 Re8 {[#] ( -> ...Qe1+!)} 23. h3 Qe7 24. Qxe7 Rxe7 25. Rd1 {Rd8+ would kill now.} Kg8 26. Kf1 {Accuracy: White = 50%, Black = 69%.} 1/2-1/2

[Event "GER Cup Teams 2019"]
[Site "Wolfhagen"]
[Date "2019.05.19"]
[Round "4"]
[White "Ponkratov, Pavel"]
[Black "Naiditsch, Arkadij"]
[Result "1-0"]
[WhiteElo "2640"]
[BlackElo "2682"]
[Annotator "TA"]
[PlyCount "71"]
[EventDate "2019.03.16"]
[EventType "team-tourn"]
[EventCountry "GER"]
[SourceTitle "playchess.com"]
[Source "ChessBase"]
[SourceQuality "1"]
[WhiteTeam "Sfr. Bad Emstal / Wolfhagen"]
[BlackTeam "OSG Baden-Baden"]

{[%evp 18,71,31,0,10,0,0,-9,4,0,0,-8,-8,-2,8,0,0,0,9,-8,-7,-1,47,10,12,28,25,0,87,83,89,82,91,102,98,97,83,85,129,138,140,125,237,234,211,209,520,543,520,523,1031,991,1007,980,954,868]} 1. e4 e5 2. Nf3 Nc6 3. Bb5 Nf6 4. d3 d6 5. O-O Be7 6. Re1 O-O 7. c3 a6 8. Ba4 b5 9. Bc2 d5 10. Bg5 dxe4 {C84: Closed Ruy Lopez: Unusual White 6th moves} (10... Bg4 11. Nbd2 d4 12. h3 Be6 13. cxd4 exd4 14. Bb3 Qd7 15. Rc1 h6 16. Bh4 Rac8 17. e5 Nd5 18. Rxc6 Qxc6 19. Bxd5 Qxd5 20. Bxe7 {1-0 (36) Kurnosov,I (2676)-Jakovenko,D (2726) Moscow 2010}) 11. dxe4 h6 12. Bh4 Be6 {The position is equal.} 13. Nbd2 Nh5 $146 ({Predecessor:} 13... Qd6 14. Nf1 Rad8 15. b4 Nh5 16. Ne3 Nf4 17. Qxd6 cxd6 18. Bxe7 Nxe7 {½-½ (33) Bitensky,I (2373)-Liss,E (2431) Israel 2019}) 14. Bg3 Nxg3 15. hxg3 Bc5 16. Qe2 Qf6 17. b4 Bb6 18. Bb3 Rab8 19. a4 g5 20. Rf1 Ne7 21. Bxe6 Qxe6 22. Rfd1 Nc8 (22... Rfd8 $11 {keeps the balance.}) 23. c4 $1 $16 g4 24. Nh4 Bd4 25. Nb3 $1 $36 {[%cal Rb3d4][%mdl 2048] White has strong initiative.} ({Inferior is} 25. axb5 Bxa1 26. Rxa1 axb5 $15) 25... Bxa1 26. Nc5 $1 {[%cal Rc5e6]} Qe7 {aiming for ...Bd4.} 27. Nd7 Nd6 28. Nxb8 Rxb8 29. c5 $1 {[%cal Rc5d6]} Nc4 (29... Bd4 $16) 30. Nf5 $18 ({Don't take} 30. Rxa1 h5) 30... Qg5 {Strongly threatening ...Bd4.} 31. Rxa1 h5 $2 {[#]} (31... c6 32. axb5 axb5 33. Qxg4 {[%mdl 64] Deflection, Decoy} Qxg4 34. Nxh6+ {[%mdl 64] Double Attack} Kg7 35. Nxg4 Kg6) 32. axb5 $1 {White is clearly winning.} axb5 {[#]} 33. Qa2 $1 Nd2 34. Qd5 Nc4 35. Qc6 Rd8 36. Qxc7 {Accuracy: White = 70%, Black = 42%.} 1-0

[Event "GER Cup Teams 2019"]
[Site "Wolfhagen"]
[Date "2019.05.19"]
[Round "4"]
[White "Onischuk, Vladimir"]
[Black "Gustafsson, Jan"]
[Result "0-1"]
[WhiteElo "2633"]
[BlackElo "2639"]
[Annotator "TA"]
[PlyCount "80"]
[EventDate "2019.03.16"]
[EventType "team-tourn"]
[EventCountry "GER"]
[SourceTitle "playchess.com"]
[Source "ChessBase"]
[SourceQuality "1"]
[WhiteTeam "Sfr. Bad Emstal / Wolfhagen"]
[BlackTeam "OSG Baden-Baden"]

{[%evp 15,80,13,11,18,16,7,19,16,15,0,0,0,16,12,2,7,0,-10,13,12,33,34,28,0,0,0,0,-8,-8,0,0,-19,-19,-29,0,0,12,0,0,-8,-8,-21,0,0,0,0,0,0,0,-31,-31,-40,-44,-180,-188,-188,-183,-429,-412,-514,-504,-774,-766,-771,-604,-1499,-1412]} 1. e4 e5 2. Nf3 Nc6 3. Bb5 a6 4. Ba4 Nf6 5. O-O Be7 6. d3 b5 7. Bb3 d6 8. a4 Bd7 9. Bd2 {C84: Closed Ruy Lopez: Unusual White 6th moves} (9. c3 Na5 10. Bc2 c5 11. Nbd2 O-O 12. Re1 Nc6 13. h3 h6 14. Nf1 Be6 15. Ne3 Re8 16. Bb3 Bf8 17. Bxe6 fxe6 18. Ng4 b4 19. Nxf6+ Qxf6 {½-½ (29) Le,Q (2715)-Inarkiev,E (2692) Sharjah 2019}) 9... b4 10. a5 O-O 11. Re1 {The position is equal.} Rb8 12. c3 Qc8 13. Ba4 bxc3 $146 ({Predecessor:} 13... Re8 14. d4 bxc3 15. bxc3 h6 16. h3 Bd8 17. Qc2 Rb7 18. Qd3 Rb8 19. Qc2 {½-½ (19) Balabanov,V (2434)-Churkin,M (2493) ICCF email 2013}) 14. bxc3 Re8 15. h3 h6 16. Be3 Bf8 17. Nbd2 d5 18. Qc2 dxe4 19. dxe4 Nd8 20. Nc4 Bxa4 21. Qxa4 Rb5 22. Nfd2 Qb7 23. Na3 Bxa3 24. Qxa3 Nc6 ({Not} 24... Nxe4 $2 25. c4 $18) 25. Reb1 Rd8 26. Qa2 Ne8 27. Nb3 Rb8 {[%cal Rb5b3]} 28. Nd2 Nd6 29. Rxb5 Qxb5 30. Rb1 Qd3 {White must now prevent ...Rxb1+.} 31. Rxb8+ Nxb8 32. Qa3 {White wants to play Qc5.} Nc6 33. Qc5 Qb5 34. Qd5 ({White should try} 34. Qxb5 $15 Nxb5 35. Nb3) 34... Qxd5 $19 35. exd5 Nxa5 {KBN-KNN} 36. Ba7 $2 {[#]} (36. Kf1 {was worth a try.}) 36... Nac4 37. Nxc4 Nxc4 {Black is clearly winning.} 38. Bb8 (38. Kf1 $142 a5 39. Bc5) 38... a5 {[%cal Ba6a5,Ba5a4][%mdl 32]} 39. Bxc7 Kf8 {[#] And now ...a4 would win.} 40. f4 a4 {Accuracy: White = 31%, Black = 76%.} 0-1

[Event "GER Cup Teams 2019"]
[Site "Wolfhagen"]
[Date "2019.05.19"]
[Round "4"]
[White "Lagunow, Raphael"]
[Black "Stubbe, Wilko"]
[Result "1/2-1/2"]
[WhiteElo "2420"]
[BlackElo "2218"]
[Annotator "TA"]
[PlyCount "71"]
[EventDate "2019.03.16"]
[EventType "team-tourn"]
[EventCountry "GER"]
[SourceTitle "playchess.com"]
[Source "ChessBase"]
[SourceQuality "1"]
[WhiteTeam "SK Zehlendorf"]
[BlackTeam "Greifswalder SV"]

{[%evp 10,71,-6,-22,12,-23,0,-14,-27,-39,24,14,15,-14,19,-27,-14,-27,-16,-3,-22,-19,-41,-52,-71,-67,-27,-139,-37,-32,-33,-60,-29,-38,-28,-55,99,93,90,94,94,94,94,95,93,102,92,74,102,0,0,0,0,0,0,0,0,0,0,0,0,0,0,0]} 1. e4 e6 2. b3 d5 3. Bb2 dxe4 4. Nc3 Nf6 5. Qe2 Be7 6. Nxe4 Nbd7 {C00: French: Unusual White 2nd moves} 7. O-O-O c6 8. Nf3 a5 9. a4 Nxe4 $146 ({Black should try} 9... O-O $15) ({Predecessor:} 9... O-O 10. g4 b5 {1-0 (25) Zablotsky,S (2533)-Muratov,S (2218) Vladivostok 2015}) 10. Qxe4 $11 Nf6 11. Qe2 Bd7 12. Ne5 (12. g4 $5) 12... O-O 13. g4 b5 14. g5 Nd5 {With the idea ...bxa4.} 15. Rg1 bxa4 16. bxa4 (16. Nxd7 $2 Qxd7 17. bxa4 Rfb8 $17) 16... Rb8 17. Rg3 (17. Nxd7 $2 Qxd7 18. Rg3 Rb4 $17) 17... Be8 18. Nc4 (18. h4 $1 $11 {keeps the balance.}) 18... Rxb2 (18... Bxg5 $17 {Strongly threatening ...c5.} 19. Re1 g6) 19. Nxb2 $15 Bxg5 20. Rb3 Qc7 21. Qe4 Bd7 22. Nd3 Nf6 $2 {[#]} (22... Bf6 $15) 23. Qe5 $16 Qxe5 24. Nxe5 Bf4 25. Nxd7 Nxd7 26. Bg2 Rc8 27. h3 g5 28. c3 Nc5 {[#]} 29. Ra3 (29. Rb1 $1 $16) 29... Rd8 {The position is equal.} 30. Kc2 Nd3 31. Rf1 c5 32. Rb3 {Hoping for Rb5.} Ne5 $1 33. Rd1 Nd3 {Threatens to win with ...c4.} 34. Rf1 {Black must now prevent Rb5.} Ne5 $1 35. Rd1 {And now d3 would win.} Nd3 {aiming for ...c4.} 36. Rf1 {Accuracy: White = 62%, Black = 47%.} 1/2-1/2

[Event "GER Cup Teams 2019"]
[Site "Wolfhagen"]
[Date "2019.05.19"]
[Round "4"]
[White "Meister, Jakob"]
[Black "Leisner, Hannes"]
[Result "1-0"]
[WhiteElo "2418"]
[BlackElo "2281"]
[Annotator "TA"]
[PlyCount "81"]
[EventDate "2019.03.16"]
[EventType "team-tourn"]
[EventCountry "GER"]
[SourceTitle "playchess.com"]
[Source "ChessBase"]
[SourceQuality "1"]
[WhiteTeam "SK Zehlendorf"]
[BlackTeam "Greifswalder SV"]

{[%evp 9,81,-3,-9,-4,-8,-1,-2,-18,-20,-18,-6,0,15,11,30,37,32,31,40,30,52,52,57,51,55,52,50,54,47,49,59,40,38,39,47,38,99,60,118,122,112,80,104,90,145,89,75,84,98,58,59,39,47,47,36,37,247,255,343,303,273,99,595,235,811,386,1150,1116,1362,1170,29987,29988,29991,29992]} 1. d4 Nf6 2. Bf4 g6 3. Nc3 d6 (3... d5 4. e3 Bg7 5. h4 c6 6. Be2 h5 7. Nf3 Bg4 8. Ne5 Bxe2 9. Qxe2 Nbd7 10. O-O-O Rc8 11. f3 {0-1 (60) Nabaty,T (2692)-Rodshtein,M (2674) Czech Republic 2019}) 4. Qd2 c6 5. Bh6 Bxh6 6. Qxh6 {A45: Trompowsky Attack} Qa5 7. f3 $146 ({Predecessor:} 7. Qd2 b5 8. Ne4 Qxd2+ 9. Nxd2 Bb7 10. e4 Nbd7 11. f3 {½-½ (54) Diaz,J-Lizarazo Arango,J (2089) Cali 2008}) 7... b5 8. Qd2 {The position is equal.} Nbd7 9. e4 b4 10. Nd1 c5 11. d5 Ba6 12. Bxa6 Qxa6 13. Ne2 O-O 14. Ne3 Qb5 15. O-O a5 16. a4 bxa3 17. Nc3 Qb4 {[#] White must now prevent ...Qd4.} 18. bxa3 Qd4 19. Qe1 c4 20. Kh1 Rfb8 21. g4 Ne8 22. g5 Nc7 (22... f6 $14) 23. a4 Rf8 (23... Kh8 $14) 24. Rd1 Qc5 25. Qd2 Rab8 26. f4 f6 (26... Ne8 $142) 27. h4 (27. gxf6 $142 exf6 28. Rg1) 27... Ne8 $16 28. Ng4 Ng7 29. Kg2 Nh5 30. Rf3 Kg7 31. Nh6 Rb2 32. Rdf1 fxg5 $2 ({Better is} 32... Kh8 $14) 33. hxg5 $18 e5 34. Ne2 {aiming for fxe5.} Qb4 35. Qc1 $2 (35. Qe3 $18 {and the rest is easy. Threatens to win with fxe5.} Rb1 36. Rxb1 Qxb1 37. Qa7 {[%mdl 64] Double Attack} Qxc2 38. Qxd7+ {[%mdl 64] Double Attack} Kh8 39. Rf2 Qxe4+ 40. Kh2 exf4 41. Qxd6) 35... Ra2 $2 {[%mdl 8192]} (35... Qb6 $16 {is a better chance.}) 36. R1f2 $2 (36. fxe5 {White threatens Rxf8 and mate.} Rxf3 37. Rxf3 Nxe5 38. Rf2) 36... Qc5 $2 (36... Rxa4 37. fxe5 Rxf3 38. Rxf3 $18) (36... Qxa4 $2 37. Qe3 $18) (36... Qb6 37. Qd2 Rxa4) 37. f5 (37. Qb1 $142 {Hoping for fxe5.} Ra3 38. Qb7) 37... gxf5 $2 (37... c3 38. fxg6 (38. Rxc3 Qa7 $16) (38. Nxc3 Ra3 $11) 38... Rxf3 39. Rxf3 Kxg6) 38. Nxf5+ Kh8 {[#]} 39. g6 $1 {[%mdl 512] Threatening mate with Qh6!} Rxf5 (39... hxg6 40. Qh6+) 40. Rxf5 Qc8 41. Rxh5 {Accuracy: White = 57%, Black = 22%.} 1-0